00314nam a2200133Ia 4500100002100000650001400021366000700035654001300042245004500055260003400100082001500134300000800149546002300157 aLeong/Goh Cheng  aGeography f10 aPhysical aCertificate Physical and Human Geography bOxford university pressc1974 a808.8bLEO a192 aENGLISHcComputers